বিহারীলাল-রচনাসম্ভার / (Record no. 64382)
[ view plain ]
| 000 -LEADER | |
|---|---|
| fixed length control field | 00803nam a2200217 a 4500 |
| 001 - CONTROL NUMBER | |
| control field | 64382 |
| 003 - CONTROL NUMBER IDENTIFIER | |
| rucl marc code | BD-RjUL |
| 005 - DATE AND TIME OF LATEST TRANSACTION | |
| control field | 20211209081312.0 |
| 008 - FIXED-LENGTH DATA ELEMENTS--GENERAL INFORMATION | |
| fixed length control field | 170214s1968 ii ||||| |||| 00| 0 eng d |
| 035 ## - SYSTEM CONTROL NUMBER | |
| System control number | (BD-RjUL)64512 |
| 040 ## - CATALOGING SOURCE | |
| Original cataloging agency | BD-RjUL |
| Language of cataloging | ben |
| Transcribing agency | BD-RjUL |
| 041 ## - LANGUAGE CODE | |
| Language code of text/sound track or separate title | ben |
| 082 ## - DEWEY DECIMAL CLASSIFICATION NUMBER | |
| Edition number | 23 |
| Classification number | 891.44408 |
| Author mark and year | CHB 1968 |
| 100 ## - MAIN ENTRY--PERSONAL NAME | |
| Personal name | চক্রবর্তী, বিহারীলাল |
| 9 (RLIN) | 189229 |
| 245 ## - TITLE STATEMENT | |
| Title | বিহারীলাল-রচনাসম্ভার / |
| Statement of responsibility, etc. | বিহারীলাল চক্রবর্তী |
| 260 ## - PUBLICATION, DISTRIBUTION, ETC. (IMPRINT) | |
| Place of publication, distribution, etc. | কলিকাতা : |
| Name of publisher, distributor, etc. | মিত্র ও ঘোষ, |
| Date of publication, distribution, etc. | ১৯৬৮. |
| 300 ## - PHYSICAL DESCRIPTION | |
| Pagination | ৪৫০ পৃ. |
| Size | সেমি. |
| 650 ## - SUBJECT ADDED ENTRY--TOPICAL TERM | |
| Topical term or geographic name as entry element | বাংলা রচনা |
| Form subdivision | সম্ভার |
| 9 (RLIN) | 178599 |
| Topical term or geographic name as entry element | Bengali Essays |
| Form subdivision | Collection |
| 9 (RLIN) | 191071 |
| 942 ## - ADDED ENTRY ELEMENTS (KOHA) | |
| Source of classification or shelving scheme | Dewey Decimal Classification |
| Koha item type | Books |
| Lost status | Source of classification or shelving scheme | Damaged status | Not for loan | Collection code | Permanent Location | Current Location | Shelving location | Date acquired | Source of acquisition | Cost, normal purchase price | Total Checkouts | Full call number | Date last seen | Copy number | Koha item type |
|---|---|---|---|---|---|---|---|---|---|---|---|---|---|---|---|
| Dewey Decimal Classification | Not For Loan | Non-fiction | Central Library, University of Rajshahi | Central Library, University of Rajshahi | Reading Room | 23/12/1965 | Ideal Library | 12.50 | B 891.44408 CHB 1968 | 14/02/2017 | C-1 | Books |